000 01264cab a2200193 4500
001 ##L133302
008 060428n2006 000 0 eng u
035 _a(Sirsi) u133302
041 0 _aeng
100 1 _aBright, Susan
245 0 0 _aProtecting the small business tenant
260 _c2006
490 0 _aConveyancer and Property Lawyer
_v70 March/April 2006, 137-157(20)
520 _aIt has emerged from recent debate that small business tenants do not always enjoy leases that best protect their commercial interests. Despite legislation to address vulnerability of commercial tenants in terms of their leases, the overall policy towards business tenancies is to largely leave things open to market forces. Under these circumstances small tenants are likely to come off the worst. This paper identifies the problems of flexible commercial leases on small businesses. It also argues that small business tenants should be recognised as consumers; enabling them to become more property aware, and therefore able to negotiate more advantageous lease terms.
590 _aIKA090506
650 2 4 _aUPWARD ONLY RENT REVIEWS
690 _aPROPERTY-COMMERCIAL PROPERTY-LEASEHOLD COMMERCIAL PROPERTY-COMMERCIAL LANDLORD AND TENANT-BUSINESS TENANCIES
942 _n0
999 _c76918
_d76918